Los anales

שמור ב:
מידע ביבליוגרפי
מחבר ראשי: Tácito, Cornelio (Author)
פורמט: ספר
שפה:ספרדית
יצא לאור: Ciudad de México Nacional 1967
סדרה:Colección Económica. Libros de Bolsillo
נושאים:
תגים: הוספת תג
אין תגיות, היה/י הראשונ/ה לתייג את הרשומה!

MARC

LEADER 00000nam a2200000 a 4500
001 UCZ3433
003 CL-VaPUC
008 951020e19670000MX |||||||||||||||||spa|d
082 0 4 |a 937.07  |b TAC  |2 21 
100 0 |a Tácito, Cornelio  |e author  |9 347199 
245 1 4 |a Los anales 
300 |a v 
942 |c BK 
945 |d 19951020 00:00:00  |a lriquelm 
260 |a Ciudad de México  |b Nacional  |c 1967 
650 0 |a Historia  |9 255047 
650 0 |a Investigación histórica  |9 344844 
650 0 |a Biografías  |9 255210 
651 0 |a Roma   |9 255106 
583 |a last modification  |c 19951020 00:00:00  |k Rodrigo Vera 
490 0 |a Colección Económica. Libros de Bolsillo 
999 |c 239909  |d 239907 
952 |0 0  |1 0  |4 0  |6 937_070000000000000_TAC_1967  |7 0  |8 P  |9 251410  |a BIBEDU  |b BIBEDU  |c BIBEDU_PB  |d 2019-11-18  |h v.1  |i 1587927  |o 937.07 TAC 1967  |p 1587927  |r 2024-01-25  |w 2019-11-18  |y BK  |k FIL 
952 |0 0  |1 0  |4 0  |6 937_070000000000000_TAC_1967  |7 0  |8 P  |9 251411  |a BIBEDU  |b BIBEDU  |c BIBEDU_PB  |d 2019-11-18  |h v.2  |i 1587935  |o 937.07 TAC 1967  |p 1587935  |r 2024-01-25  |w 2019-11-18  |y BK  |k FIL